Fabrikbuchhaltung und Kalkulation Aufgabensammlung

Na minha lista:
Detalhes bibliográficos
Formato: Livro
Idioma:alemão
Publicado em: Zürich Verlag des Schweiz-Kaufmännischen Vereins 1946
Tags: Adicionar Tag
Sem tags, seja o primeiro a adicionar uma tag!

MARC

LEADER 00000nam a2200000 4500
001 0267821
005 20240822101710.6
041 0 |a ger 
044 |a CH 
245 1 0 |a Fabrikbuchhaltung und Kalkulation  |b Aufgabensammlung 
264 1 |a Zürich  |b Verlag des Schweiz-Kaufmännischen Vereins  |c 1946